| 000 | 01402nam a2200337Ia 4500 | ||
|---|---|---|---|
| 001 | ebr10275811 | ||
| 003 | CaPaEBR | ||
| 006 | m u | ||
| 007 | cr cn||||||||| | ||
| 008 | 080829s2008 gw a sb 001 0 eng d | ||
| 020 | _z9783110205930 | ||
| 020 | _z3110205939 | ||
| 040 |
_aCaPaEBR _cCaPaEBR |
||
| 035 | _a(OCoLC)423705236 | ||
| 050 | 1 | 4 |
_aPA6607 _b.F67 2008eb |
| 100 | 1 | _aFortson, Benjamin W. | |
| 245 | 1 | 0 |
_aLanguage and rhythm in Plautus _h[electronic resource] : _bsynchronic and diachronic studies / _cBenjamin W. Fortson IV. |
| 260 |
_aBerlin ; _aNew York : _bWalter de Gruyter, _cc2008. |
||
| 300 |
_axii, 301 p. : _bill. |
||
| 490 | 1 |
_aSozomena ; _vv. 3 |
|
| 504 | _aIncludes bibliographical references (p. [271]-288) and index. | ||
| 533 |
_aElectronic reproduction. _bPalo Alto, Calif. : _cebrary, _d2009. _nAvailable via World Wide Web. _nAccess may be limited to ebrary affiliated libraries. |
||
| 600 | 1 | 0 |
_aPlautus, Titus Maccius _xVersification. |
| 600 | 1 | 0 |
_aPlautus, Titus Maccius _xLanguage. |
| 600 | 1 | 0 |
_aPlautus, Titus Maccius _xCriticism and interpretation. |
| 650 | 0 |
_aLatin language _xProsodic analysis. |
|
| 655 | 7 |
_aElectronic books. _2local |
|
| 710 | 2 | _aebrary, Inc. | |
| 830 | 0 |
_aSozomena (Berlin, Germany) ; _vv. 3. |
|
| 856 | 4 | 0 |
_uhttp://site.ebrary.com/lib/rucke/Doc?id=10275811 _zAn electronic book accessible through the World Wide Web; click to view |
| 999 |
_c20862 _d20862 |
||